000 00771nam a2200241 i 4500
001 bg
100 1 _aSZUJECKI, Andrzej
_d(1929- ).
245 1 0 _aEntomologia leśna.
_nT.1 /
_cAndrzej Szujecki.
250 _aWyd. 2 popr.
260 _aWarszawa :
_bWydaw. SGGW [Szkoły Głównej Gospodarstwa Wiejskiego],
_c1998.
300 _aIV, 389 s., XX s. tabl. kolor. :
_b1 faks., fot., 2 mapy, portr., rys., wykr. ;
_c25 cm.
650 9 _aOwady leśne
655 _aPodręczniki akademickie
020 _a8300028943 (t. 1)
020 _a8300028935 (całość)
040 _cBPK
041 0 _apl
080 _a630.13:595.7](075.8)
920 _a83-00-02894-3 (t. 1)
920 _a83-00-02893-5 (całość)
942 _cKS
008 s pl f |000 0 pol
999 _c34467
_d34467
856 _uhttp://koha.tu.koszalin.pl/cgi-bin/koha/opac-detail.pl?biblionumber=34467
_yKatalog online BPK